| 000 | 00656cam a22002294a 4500 | ||
|---|---|---|---|
| 008 | |||
| 020 | _a073603272X (pbk.) | ||
| 049 | _aMAIN | ||
| 090 |
_aGV943.9 _bBAN |
||
| 100 | 1 | _aBangsbo, J. | |
| 245 | 1 | 0 |
_aDefensive soccer tactics / _cJens Bangsbo and Birger Peitersen. |
| 260 |
_aChampaign, IL : _bHuman Kinetics, _cc2002. |
||
| 300 |
_aviii, 215 p. : _bill. ; _c26 cm. |
||
| 650 | 0 |
_aSoccer _xDefense. |
|
| 650 | 0 |
_aSoccer _xCoaching. |
|
| 700 | 1 | _aPeitersen, Birger. | |
| 907 |
_a.b10386658 _b07-09-18 _c08-11-17 |
||
| 003 | |||
| 005 | 20230123122320.0 | ||
| 040 | _cNUST | ||
| 942 |
_cBOOKS _kGV943.9 _mBAN |
||
| 999 |
_c131521 _d131521 |
||